000 00505nam a2200169 i 4500
001 81336
003 ES-MaACL
005 20230906174422.0
007 t|
008 041104s1949 sp ||||1| spa d
100 1 _aHoyos Sáinz, Luis de,
_d1868-1951
_964437
245 1 4 _aLas tribus de la romanización como base de la Antropología española.
260 _aMadrid :
_b[s.n.,
_c1949] (
_fMaestre)
300 _a33 p. ;
_c24 cm.
852 _aES-MaACL
_j1907-F-14
_bR.29203
999 _c81336
_d81336